| 000 | 00000nam 2200000zi 4500 |
| 001 | 9.945626 |
| 003 | CaOODSP |
| 005 | 20241127091609 |
| 006 | m o d f |
| 007 | cr mn||||||||| |
| 008 | 241127e199006##onca o f000 0 fre d |
| 040 | |aCaOODSP|bfre|erda|cCaOODSP |
| 043 | |an-cn--- |
| 086 | 1 |aCo22-777/1990F-PDF |
| 245 | 00|aCommunications Canada : |bplan stratégique de gestion de l'information. |
| 246 | 14|aPlan stratégique de gestion de l'information |
| 246 | 17|aPlan stratégique de gestion de l'information du MDC |
| 264 | 1|a[Ottawa] : |bGouvernement du Canada, Ministère des communications = Government of Canada, Department of Communications, |cjuin 1990. |
| 300 | |a1 ressource en ligne (54, 17, 3, 4 pages) : |billustrations |
| 336 | |atexte|btxt|2rdacontent/fre |
| 337 | |ainformatique|bc|2rdamedia/fre |
| 338 | |aressource en ligne|bcr|2rdacarrier/fre |
| 500 | |aPublié aussi en anglais sous le titre : Communications Canada strategic information management plan. |
| 500 | |a« Direction générale, Gestion de l'informatique » -- Couverture avant. |
| 500 | |a« Publié par : Frank N. Malick, directeur général, Gestion de l'informatique … » -- Couverture arrière. |
| 500 | |aÉdition numérisée de l'imprimé [par Innovation, sciences et développement économique Canada]. |
| 610 | 16|aCanada. |bCommunications Canada|xGestion de l'information|xPlanification. |
| 610 | 16|aCanada. |bCommunications Canada|xTechnologie de l'information|xGestion|xPlanification. |
| 650 | 6|aPlanification stratégique|zCanada. |
| 710 | 1 |aCanada. |bCommunications Canada, |eorganisme de publication. |
| 775 | 08|tCommunications Canada strategic information management plan.|w(CaOODSP)9.939846 |
| 856 | 40|qPDF|s6.19 Mo|uhttps://publications.gc.ca/collections/collection_2024/isde-ised/co22/Co22-777-1990-fra.pdf |